| 000 | 00399nam a2200133 a 4500 | ||
|---|---|---|---|
| 001 | 000044442 | ||
| 005 | 20201002045358.0 | ||
| 008 | 140630s1992 000 spa d | ||
| 040 |
_aDO-SdBNP _bspa _cBNPHU |
||
| 100 |
_aFontán, Antonio _943450 |
||
| 245 | 0 | _aAntonio de Nebrija príncipe de los humanistas españoles. | |
| 260 |
_a[España] -- Navidad, : _b[s. n], _c1992. |
||
| 300 |
_a25 p. ; _c24 cm. |
||
| 999 |
_c43931 _d43931 |
||